000 00402nam a22001697a 4500
003 OSt
005 20211206084352.0
008 211206b |||||||| |||| 00| 0 eng d
020 _a9781682852620
040 _chu
082 _a658.4038
100 _areed hamilton
_921728
245 _aknowledge management and e.learning
260 _anew york
_bhall
_ckno
300 _a263
942 _2ddc
_cBOOKS
_n0
999 _c21406
_d21406